000 01128nam a22002895i 4500
001 165709
003 ES-MaACL
005 20250819081313.0
008 050802s1883 sp | |||||||| ||spa d
040 _bspa
_cES-MaACL
080 _a32 Pi y Margall, Francisco
080 _a329(460)
245 0 3 _aEl Sr. Pi y Margall ante el Partido Republicano Federal de España
260 _aMadrid :
_b[s.n.],
_c1883
_f(Est. Tip. a cargo de E. Viota)
300 _a94 páginas ;
_c17 cm.
530 _aDisponible en formato digital
594 _aTexto firmado por Domingo Sánchez Yago (p. 94)
600 1 4 _aPi y Margall, Francisco,
_d1824-1901
_991732
610 2 4 _aPartido Republicano Federal (España. 1930)
_96150
700 1 _aSánchez Yago, Domingo.
_9147757
_eaut
852 _aES-MaACL
_cDEPOF
_hLegado: Modesto Lafuente
_jFol-Laf-476
856 _uhttps://bdh-rd.bne.es/viewer.vm?id=0000255779&page=1
_yVersión en línea
_z(Biblioteca Digital Hispánica)
903 _969535
_aLafuente, Modesto,
_d1806-1866
_ednr
942 _cFOLLETOS
_n0
999 _c165709
_d165709